|
|
|
|
| LEADER |
01022nam a2200253 a 4500 |
| 001 |
12855009 |
| 008 |
090730s2003 enka b 001 0 eng d |
| 010 |
|
|
|a 2002028683
|
| 020 |
|
|
|a 033394898X (pbk.)
|
| 040 |
|
|
|a DLC
|c DLC
|d DLC
|
| 082 |
0 |
0 |
|a 823/.7
|2 21
|
| 100 |
1 |
|
|a Gill, Richard,
|d 1945-
|
| 245 |
1 |
0 |
|a Mastering the novels of Jane Austen /
|c Richard Gill and Susan Gregory.
|
| 260 |
|
|
|a Houndmills, Basingstoke, Hampshire ;
|a New York :
|b Palgrave Macmillan,
|c 2003.
|
| 300 |
|
|
|a xviii, 373 p. :
|b ill. ;
|c 24 cm.
|
| 490 |
0 |
|
|a Palgrave master series
|
| 504 |
|
|
|a Includes bibliographical references and index.
|
| 541 |
1 |
|
|e 00016583
|
| 600 |
1 |
0 |
|a Austen, Jane,
|d 1775-1817
|x Criticism and interpretation
|v Handbooks, manuals, etc.
|
| 700 |
1 |
|
|a Gregory, Susan,
|d 1945 May 28-
|
| 852 |
4 |
|
|a Ayesha Abed Library
|j General shelf
|
| 942 |
0 |
0 |
|0 1
|
| 999 |
|
|
|c 2990
|d 2990
|
| 952 |
|
|
|0 0
|1 0
|2 ddc
|4 0
|6 823_700000000000000_GIL
|7 0
|9 2705
|a BRACUL
|b BRACUL
|c GEN
|d 2009-08-18
|l 9
|m 25
|o 823.7 GIL
|p 3010016583
|r 2024-10-29
|s 2024-10-29
|t 1
|w 2009-08-18
|y BK
|